<?xml version="1.0" encoding="UTF-8"?>
<record
    xmlns:xsi="http://www.w3.org/2001/XMLSchema-instance"
    xsi:schemaLocation="http://www.loc.gov/MARC21/slim http://www.loc.gov/standards/marcxml/schema/MARC21slim.xsd"
    xmlns="http://www.loc.gov/MARC21/slim">

  <leader>03099cam a22003258i 4500</leader>
  <controlfield tag="005">20170105102342.0</controlfield>
  <controlfield tag="008">111115s2012    enk      b    001 0 eng  </controlfield>
  <datafield tag="010" ind1=" " ind2=" ">
    <subfield code="a">  2011047199</subfield>
  </datafield>
  <datafield tag="020" ind1=" " ind2=" ">
    <subfield code="a">9781119951681</subfield>
  </datafield>
  <datafield tag="040" ind1=" " ind2=" ">
    <subfield code="a">DLC</subfield>
  </datafield>
  <datafield tag="082" ind1="0" ind2="0">
    <subfield code="a">621.38456</subfield>
    <subfield code="2">23</subfield>
  </datafield>
  <datafield tag="100" ind1="1" ind2=" ">
    <subfield code="a">Poikselk&#xE4;, Miikka.</subfield>
  </datafield>
  <datafield tag="245" ind1="1" ind2="0">
    <subfield code="a">Voice over LTE (VoLTE) </subfield>
    <subfield code="c">Miikka Poikselka Harri Holma, Jukka Hongisto, Juha Kallio and Antti Toskala.</subfield>
  </datafield>
  <datafield tag="260" ind1=" " ind2=" ">
    <subfield code="a">Chichester, West Sussex, United Kingdom :</subfield>
    <subfield code="b">John Wiley &amp; Sons Inc.,</subfield>
    <subfield code="c">2012.</subfield>
  </datafield>
  <datafield tag="263" ind1=" " ind2=" ">
    <subfield code="a">1206</subfield>
  </datafield>
  <datafield tag="300" ind1=" " ind2=" ">
    <subfield code="a">243p. :</subfield>
    <subfield code="c">24 cm</subfield>
  </datafield>
  <datafield tag="504" ind1=" " ind2=" ">
    <subfield code="a">Includes bibliographical references and index.</subfield>
  </datafield>
  <datafield tag="520" ind1=" " ind2=" ">
    <subfield code="a">"Describes the Voice over LTE (VoLTE) technological solutions and standards which will enable the migration of voice and SMS services over to LTE/SAE networksCovering radio, packet core and IMS, this book gives a holistic and system-wide view on how voice and SMS services will be provided in 4G mobile networks. Starting from the existing standards, it then gives readers an unbiased and end-to-end view of the standardized future voice technology. The various elements are described from a functional and logical perspective, before the authors explain how the system works from the perspective of call setup and mobility. It also takes an in-depth look at the most important technological issues, and allows readers to judge which of the different alternatives should be chosen for real network scenarios. Covering the technical and practical elements of Voice over LTE (VoLTE), this book explains the various approaches for providing voice services over LTE, a key network due for imminent roll out Focuses on the most important technological issues and allows readers to judge which of the different alternatives should be chosen for a real network Brings vital information for decision makers and those working on the technology and related products, as LTE has substantial cost-saving potential Authors bring a mixed of standards and product background, guaranteeing in-depth practical and standards information Whether a decision maker or technology analyst, this book explains a topic of substantial global market interest in the topic both now and in years to come. It gives a good technical introduction in the area of Voice over LTE and is useful for operators who think of deploying VoLTE, product managers responsible for VoLTE products and also those who work in implementation and standardization of related technologies. "--</subfield>
  </datafield>
  <datafield tag="650" ind1=" " ind2="0">
    <subfield code="a">Long-Term Evolution (Telecommunications)</subfield>
  </datafield>
  <datafield tag="650" ind1=" " ind2="0">
    <subfield code="a">Internet telephony.</subfield>
  </datafield>
  <datafield tag="650" ind1=" " ind2="7">
    <subfield code="a">TECHNOLOGY &amp; ENGINEERING / Mobile &amp; Wireless Communications.</subfield>
    <subfield code="2">bisacsh</subfield>
  </datafield>
  <datafield tag="700" ind1="1" ind2=" ">
    <subfield code="a">Holma, Harri,</subfield>
    <subfield code="d">1970-</subfield>
  </datafield>
  <datafield tag="700" ind1="1" ind2=" ">
    <subfield code="a">Hongisto, Jukka.</subfield>
  </datafield>
  <datafield tag="700" ind1="1" ind2=" ">
    <subfield code="a">Kallio, Juha.</subfield>
  </datafield>
  <datafield tag="700" ind1="1" ind2=" ">
    <subfield code="a">Toskala, Antti.</subfield>
  </datafield>
  <datafield tag="856" ind1="4" ind2="2">
    <subfield code="3">Cover image</subfield>
    <subfield code="u">http://catalogimages.wiley.com/images/db/jimages/9781119951681.jpg</subfield>
  </datafield>
  <datafield tag="856" ind1="4" ind2="2">
    <subfield code="3">Publisher description</subfield>
    <subfield code="u">http://www.loc.gov/catdir/enhancements/fy1203/2011047199-d.html</subfield>
  </datafield>
  <datafield tag="856" ind1="4" ind2="1">
    <subfield code="3">Table of contents only</subfield>
    <subfield code="u">http://www.loc.gov/catdir/enhancements/fy1205/2011047199-t.html</subfield>
  </datafield>
  <datafield tag="942" ind1=" " ind2=" ">
    <subfield code="2">ddc</subfield>
    <subfield code="c">BK</subfield>
  </datafield>
  <datafield tag="999" ind1=" " ind2=" ">
    <subfield code="c">11527</subfield>
    <subfield code="d">11527</subfield>
  </datafield>
  <datafield tag="952" ind1=" " ind2=" ">
    <subfield code="0">0</subfield>
    <subfield code="1">0</subfield>
    <subfield code="4">0</subfield>
    <subfield code="7">0</subfield>
    <subfield code="8">NFIC</subfield>
    <subfield code="a">CL</subfield>
    <subfield code="b">CL</subfield>
    <subfield code="c">GEN</subfield>
    <subfield code="d">2013-01-24</subfield>
    <subfield code="e">Progressive International Agencies</subfield>
    <subfield code="g">7681.54</subfield>
    <subfield code="l">0</subfield>
    <subfield code="o">621.38456 POI</subfield>
    <subfield code="p">SEECS011927</subfield>
    <subfield code="r">2013-01-29</subfield>
    <subfield code="w">2013-01-29</subfield>
    <subfield code="y">BK</subfield>
  </datafield>
</record>
